| 000 | 01052nam a2200241 a 4500 | ||
|---|---|---|---|
| 001 | 40644 | ||
| 003 | BD-RjUL | ||
| 005 | 20211209053247.0 | ||
| 008 | 160507s1968 pk a|||| |||| 00| 0 ben d | ||
| 020 | _c: PRS. 2.00 | ||
| 035 | _a(BD-RjUL)40759 | ||
| 040 |
_aBD-RjUL _bben _cBD-RjUL |
||
| 041 | _aben | ||
| 082 |
_223 _a297.0954924 _bALH 1968 |
||
| 100 | 1 |
_aআলী, খোন্দকার আখতার _9125068 |
|
| 245 | 1 | 0 |
_aহযরত শাহ মখদুম (র:) ও মহাকালগড়ের ইতিকথা / _cখোন্দকার আখতার আলী |
| 260 |
_aরাজশাহী : _bএম.এ.সাত্তার, _c১৯৬৮ |
||
| 300 |
_a[১৪], ৬৬, [১] পৃ. : _bচিত্র ; _c২২ সেমি. |
||
| 504 | _aগ্রন্থপঞ্জি সংযুক্ত | ||
| 650 |
_aইসলাম _xইতিহাস _zবাংলাদেশ _zরাজশাহী জেলা _9239576 |
||
| 650 |
_aIslam _xHistory _zBangladesh _zRajshahi District _9239577 |
||
| 942 |
_2ddc _cBK |
||
| 999 |
_c40644 _d40644 |
||